000 00289nam a22001217a 4500
008 170127b xxu||||| |||| 00| 0 eng d
041 _aeng
080 _22ND
_a61
100 _a3
101 _aSHM
245 _aHANDBOOK OF THE MANAGEMENT OF LIPID DISORDERS
_cMCKENNEY, J,M
942 _2udc
_cBK
999 _c3914
_d3914